000 00571nam a2200181Ia 4500
005 20250508162136.0
008 008 250505s9999 xx 000 0 eng d
037 _aTextual
040 _aFEDL
_beng
_cFEDL
041 _aeng
_2eng
084 _a372.4, FOR
_qFEDL
100 _aForgan Harry W
_9772415
245 0 _aTeaching content area reading skills: A modular preservice and inservice program
260 _aColumbus, USA
_bCharles E. Merrill Publishing Company
_c1976
300 _aiv,379p.
942 _cTEXL
_h372.4, FOR
999 _c1374624
_d1374624